The leadership experience in Asia

Bibliographic Details
Main Authors: Ghee, Soon Lim (Author), Daft, Richard L. (Author)
Format: Book
Language:English
Published: Australia : Cengage Leraning Australia Pty Limited 2017
Edition:Second edition
Subjects:

MARC

LEADER 00000cam a2200000 7i4500
001 0000028240
005 20241121.0
008 190115 au a eng
020 |a 9789814773539 
040 |a INS   |b eng   |e rda 
090 0 0 |a HD38.25   |b G54 2017 
100 1 |a Ghee, Soon Lim ,   |e author 
245 1 0 |a The leadership experience in Asia   |c Ghee Soon Lim, Richard L. Daft 
250 |a Second edition 
264 1 |a Australia :   |b Cengage Leraning Australia Pty Limited   |c 2017 
264 4 |c ©2017 
300 |a xiv, 543 pages :   |b illustrations ;   |c 25 cm. 
336 |a text  |2 rdacontent 
337 |a unmediated  |2 rdamedia 
338 |a volume  |2 rdacarrier 
500 |a Includes index 
650 0 |a Leadership   |z Asia 
700 1 |a Daft, Richard L. ,   |e author 
999 |a 1000003644   |b BOOK   |c Open Shelf   |e Default branch